Adam Sanat (Record no. 143)

000 -LEADER
fixed length control field 00375nam a22001337a 4500
008 - FIXED-LENGTH DATA ELEMENTS--GENERAL INFORMATION
fixed length control field 170413b xxu||||| |||| 00| | tur d
022 ## - INTERNATIONAL STANDARD SERIAL NUMBER
International Standard Serial Number 1300-154X
050 ## - LIBRARY OF CONGRESS CALL NUMBER
Classification number DR432
100 ## - MAIN ENTRY--PERSONAL NAME
9 (RLIN) 215
Personal name Nazar Büyüm
245 ## - TITLE STATEMENT
Title Adam Sanat
260 ## - PUBLICATION, DISTRIBUTION, ETC.
Place of publication, distribution, etc. İstanbul
Name of publisher, distributor, etc. Adam Yayıncılık
500 ## - GENERAL NOTE
General note Yayın Yönetmeni ve Sorumlu Yazı İşleri Müdürü: Turgay Fişekçi
942 ## - ADDED ENTRY ELEMENTS (KOHA)
Source of classification or shelving scheme
Koha item type Continuing Resources
Serial record 1
Holdings
Withdrawn status Lost status Source of classification or shelving scheme Damaged status Not for loan Permanent Location Current Location Shelving location Date acquired Full call number Barcode Date last seen Price effective from Koha item type
        Ödünç verilemez İmren Ahmet Tüzün Kütüphanesi İmren Ahmet Tüzün Kütüphanesi Ahmet Tüzün 2017-04-13 DR432 100100000138 2017-04-13 2017-04-13 Continuing Resources

This software was implemented, installed and managed by Devinim Software Training Consulting .